000 00769nam a2200229Ii 4500
003 JO-AjNU
005 20240625102757.0
008 230605s9999||||xx |||||||||||||| ||und||
040 _aJO-AjNU
_bara
_erda
_cJO-AjNU
041 _aara
050 1 4 _aDS263.3.B388 2001
100 3 _aالبياتي، صبري مصطفى,
_eauthor
_97282
245 0 0 _aالعروبة بين هوية الإسلام .. ومستلزمات الانبعاث
250 _aط1
264 3 1 _aعمان: المؤسسة العربية الدولية للنشر والتوزيع، 2001
300 _a232ص
336 _atext
_btxt
_2rdacontent
337 _aunmediated
_bn
_2rdamedia
338 _avolume
_bnc
_2rdacarrier
650 4 _aتاريخ العرب-الاسلام
_97283
942 _2lcc
_cBK
999 _c3769
_d3769